Deutsche Städte, in denen Billie Eilish aufgetreten ist - Statistiken

Allgemein
  • Dieses Quiz wurde 46 mal gespielt
  • Das Durchschnittsergebnis liegt bei 8 aus 17
Antwortstatistiken
Tour / Show Jahr Stadt % Korrekt
A Colors Show 2017 Berlin
89%
Don't Smile at Me Tour 2017 Berlin
76%
Where's My Mind Tour 2018 Berlin
76%
1 by 1 Tour 2019 Berlin
71%
Where's My Mind Tour 2018 Köln
71%
1 by 1 Tour / MS Dockville 2019 Hamburg
58%
Hit Me Hard and Soft: The Tour 2025 Berlin
55%
When We All Fall Asleep Tour / Lollapalooza 2019 Berlin
53%
Hit Me Hard and Soft: The Tour 2025 Köln
53%
Happier Than Ever, The World Tour 2022 Berlin
34%
Happier Than Ever, The World Tour 2022 Köln
34%
A Colors Show 2024 Berlin
32%
1 by 1 Tour 2019 Frankfurt am Main
29%
When We All Fall Asleep Tour 2019 Hamburg
29%
Hit Me Hard and Soft: The Tour 2025 Hannover
29%
Happier Than Ever, The World Tour 2022 Frankfurt am Main
18%
Telekom Electronic Beats 2022 Bonn
11%
Keine übereinstimmenden Quizze gefunden
Verteilung der Resultate
Anzahl Personen mit jedem Resultat
Perzentil nach korrekt beantworteten Fragen
Ihre Resultats-Entwicklung
Sie haben dieses Quiz noch nicht gespielt